000 00680cam9a220021700 4500
001 qce00418760
005 20190830095834.0
008 720316s1956 ilua 000 0 eng
010 _a 55011239 /L
035 _a(Sirsi) r108639
035 _a(QCAT)lss00183220
035 _a(UPRA)qce00418760
040 _dUPRA
100 1 _aHouts, Marshall.
_6A67421.1
245 1 0 _aFrom evidence to proof :
_ba searching analysis of methods to establish fact.
260 _aSpringfield, IL :
_bC.C. Thomas,
_c[1956]
650 0 _aCriminal investigation.
_6S3443.1
650 0 _aEvidence, Criminal.
_6S32584.1
949 _aHV8073
_wlcc
_i-154933
_mMAIN
_tBOOK
_lON-SHELF
004 108639
999 _c181099
_d181099